Informe 8/13 : tweens chilenos, agosto de 2003 /

Estudio entre niños de 8 y 13 años de edad realizado en conjunto con la empresa de publicidad Mc Cann Erickson y la colaboración de la empresa Research Chile.\El informe da a conocer las inquietudes de este grupo de jóvenes, que no son niños ni tampoco adolescentes, pero que manejan gran cantidad de...

Descripción completa

Detalles Bibliográficos
Autor Corporativo: Consejo Nacional de Televisión (Chile)
Formato: Libro
Lenguaje:inglés
Publicado: Santiago, Chile Consejo Nacional de Televisión 2003

MARC

LEADER 00000cam a2200000 a 4500
001 034770
003 UAHC_CL
005 20170803123803.0
008 030916b xx j 000 1 eng
040 |a UAHC_CL  |c UAHC_CL  |d UAHC_CL 
245 1 0 |a Informe 8/13 :  |b tweens chilenos, agosto de 2003 /  |c Consejo Nacional de Televisión. 
260 |b Consejo Nacional de Televisión  |c 2003  |a Santiago, Chile 
300 |a 88 p. 
520 |a Estudio entre niños de 8 y 13 años de edad realizado en conjunto con la empresa de publicidad Mc Cann Erickson y la colaboración de la empresa Research Chile.\El informe da a conocer las inquietudes de este grupo de jóvenes, que no son niños ni tampoco adolescentes, pero que manejan gran cantidad de información y que tienen opiniones claras y drásticas del mundo que los rodea. 
710 1 |a Consejo Nacional de Televisión (Chile) 
900 |a INFORME 8/13 
942 |c BK 
999 |c 34770  |d 34770